| 000 | 03656nam a2200565Ia 4500 | ||
|---|---|---|---|
| 001 | dia_3803 | ||
| 003 | CHAP | ||
| 005 | 20240318124625.0 | ||
| 007 | ta | ||
| 008 | 220117s2006 mx deo fr m 001 0 spa d | ||
| 040 |
_cCHAP _amxchpua |
||
| 090 |
_aT.C.450 _bS99 EIUPA _c2006 |
||
| 245 | 1 | 0 |
_aGrupo agroindustrial y alcoholero de México, S. A. de C. V. / _ccoordinadores Rosa Guadalupe Szymanski Duque y Amilcar Renan Mejenes Quijano ; colaboradores José Evandro Briones Bermudes...[et al.] |
| 260 |
_aMéxico : _bEl autor, _c2006 |
||
| 300 |
_a78 hojas : _bgráficas, diagramas, tablas, fotos, planos |
||
| 336 |
_2rdacontent _atexto _btxt |
||
| 337 |
_2rdamedia _acomputadora _bc |
||
| 338 |
_2rdacarrier _adisco de computadora _bcd |
||
| 500 | _a7° año Grupo 1 Solo lo hay en Cd. -- El cd contiene reporte y planos. | ||
| 502 |
_aViaje de Estudios _b(EIUPA) -- _cUACh. Departamento de Ingeniería Agroindustrial, _d 2006 |
||
| 504 | _aBibliografía: hoja 68 | ||
| 505 | _a11 planos -- 1. Diagrama de recorrido de Xtabentun -- 2. Plano de distribución de áreas -- 3. Plano de distribución de Equipo -- 4. Plano de distribución de drenaje -- 5. Diagrama unifilar -- 6. Diagrama de tubería e instrumentación (D.T.I.) de caldera -- 7. Diagrama unifilar -- 8. Diagrama de tubería e instrumentación (D.T.I.) de mezcladora -- 9. Diagrama de flujo de nance en licor -- 10. Diagrama de flujo de licor de Xtabentun -- 11. Diagrama de recorrido de nance en licor | ||
| 650 | 1 | 3 | _aChile habanero |
| 650 | 1 | 3 |
_aLicores _966717 |
| 650 | 1 | 3 |
_aSalsas _9101789 |
| 650 | 1 | 3 |
_aLiqueurs _9155399 |
| 650 | 1 | 3 |
_aSauces _9155349 |
| 700 | 1 |
_aMejenes Quijano, Amilcar Renán _9147387 _ecoordinador |
|
| 700 | 1 |
_aSzymanski Duque, Rosa Guadalupe _9151434 _ecoordinadora |
|
| 700 | 1 |
_aBriones Bermudes, José Evandro _9155400 _ecolaborador |
|
| 856 | 4 | 2 |
_uhttp://10.13.5.2/ve/TC450EIUPA/TC450EIUPA2006-PLANO-DIAGRAMASDERECORRIDOXTABENTUN.pdf _yDESCARGAR DIAGRAMA DE RECORRIDO DE XTABENTUN |
| 856 | 4 | 2 |
_uhttp://10.13.5.2/ve/TC450EIUPA/TC450EIUPA2006-PLANO-PLANODEDISTRIBUCIONDEAREAS.pdf _yDESCARGAR PLANO DE DISTRIBUCIÓN DE ÁREAS |
| 856 | 4 | 2 |
_uhttp://10.13.5.2/ve/TC450EIUPA/TC450EIUPA2006-PLANO-DISTRIBUCIONDEMAQUINARIAYEQUIPO.pdf _yDESCARGAR PLANO DE DISTRIBUCIÓN DE EQUIPO |
| 856 | 4 | 2 |
_uhttp://10.13.5.2/ve/TC450EIUPA/TC450EIUPA2006-PLANO-DISTRIBUCIONDEDRENAJE.pdf _yDESCARGAR PLANO DE DISTRIBUCIÓN DE DRENAJE |
| 856 | 4 | 2 |
_uhttp://10.13.5.2/ve/TC450EIUPA/TC450EIUPA2006-PLANO-DIAGRAMAUNIFILAR.pdf _yDESCARGAR DIAGRAMA UNIFILAR |
| 856 | 4 | 2 |
_uhttp://10.13.5.2/ve/TC450EIUPA/TC450EIUPA2006-PLANO-DTICALDERA.pdf _yDESCARGAR DIAGRAMA DE TUBERÍA E INSTRUMENTACIÓN (DTI) DE CALDERA |
| 856 | 4 | 2 |
_uhttp://10.13.5.2/ve/TC450EIUPA/TC450EIUPA2006-PLANO-DTI-MEZCLADORA.pdf _yDESCARGAR DIAGRAMA DE TUBERÍA E INSTRUMENTACIÓN (DTI) DE MEZCLADORA |
| 856 | 4 | 2 |
_uhttp://10.13.5.2/ve/TC450EIUPA/TC450EIUPA2006-PLANO-DIAGRAMADEFLUJODENANCEENLICOR.pdf _yDESCARGAR DIAGRAMA DE FLUJO DE NANCE EN LICOR |
| 856 | 4 | 2 |
_uhttp://10.13.5.2/ve/TC450EIUPA/TC450EIUPA2006-PLANO-DIAGRAMADEFLUJOLICOR.pdf _yDESCARGAR DIAGRAMA DE FLUJO DE LICOR DE XTABENTUN |
| 856 | 4 | 2 |
_uhttp://10.13.5.2/ve/TC450EIUPA/TC450EIUPA2006-PLANO-DIAGRAMADERECORRIDODENANCEENLICOR3.pdf _yDESCARGAR DIAGRAMA DE RECORRIDO DE NANCE EN LICOR |
| 856 | 4 | 2 |
_uhttp://10.13.5.2/ve/TC450EIUPA/TC450EIUPA2006-Reporte.pdf _yDESCARGAR REPORTE |
| 901 | _aT.C.450 S99 EIUPA 2006 | ||
| 902 | _aM | ||
| 905 | _a5132272006 mx del 8223123322spa16 | ||
| 942 | _2local | ||
| 942 | _cVE | ||
| 999 |
_c174395 _d174395 |
||